000 00684nam a22002057a 4500
003 0
005 20250911115224.0
008 250911b xxu||||| |||| 00| 0 eng d
020 _a978-93-95431-20-0
050 _aQP 514
_b.J67 2023
100 _aJoshi, Bal Chandra,
_eauthor.
245 _aPhysiological aspects of biochemistry /
_cBal Chandra Joshi.
260 _aLondon :
_bVenus Books,
_c2023.
300 _aviii, 295 pages :
_billustrations ;
_c24 cm.
504 _aIncludes bibliographical references and index.
650 _aBiochemistry
_xPhysiological aspects.
650 _aPhysiology
_xBiochemical aspects.
650 _aHuman physiology
_xBiochemistry.
942 _2lcc
_cBK
999 _c367886
_d367886